000 00746nam a2200217 a 4500
003 MX-MxUPN
005 20240613121420.0
008 221104s1913 mx b||||r|||| 000 0 spa d
040 _aMX-MxUPN
_bspa
_cMX-MxUPN
041 0 _aspa
050 1 4 _aG1545
_bN62
100 1 _aNoriega, Eduardo
_947177
245 1 0 _aAtlas escolar :
_bgeografía de la república mexicana
260 _aMéxico :
_bLibrería de la Vda de C. Bouret,
_c1913.
300 _a82 páginas :
_bmapas
650 4 _aGeografía
_xEstudio y enseñanza
_910181
700 1 _aChávez, Ezequiel A.,
_d1868-1946
_eescritor de introducción
_928041
710 2 _aMuseo Pedagógico Nacional (México)
_951335
_epropietario anterior
902 _aVíctor Ruiz/041122
942 _2lcc
_cLIBRO
999 _c209005
_d209005